000 00356nam a2200145Ia 4500
008 220204s9999 xx 000 0 und d
082 _a579
_bBER
100 _aBergan, T
245 0 _aMethods in microbiology. V 11
260 _aLondon
_bAcademic
_c1978
650 _aEnterobacteriaceae
650 _aMicrobiology
700 _aNorris, J R
942 _cBK
999 _c33418
_d33418